Thể tài du ký trong văn xuôi trung đại Việt Nam (qua Thượng kinh ký sự, Tây hành kiến văn kỷ lược, Giá Viên biệt lục )

Thượng kinh kí sự, Tây hành kiến văn kỉ lược, Giá Viên biệt lục trong tiến trình vận động của thể tài du kí trung đại. “Những điều trông thấy” – nét đặc trưng của thể tài du kí trung đại qua Thượng kinh kí sự, Tây hành kiến văn kỉ lược, Giá Viên biệt lục. Một số đặc điểm nghệ thuật du kí trung đại q...

Full description

Saved in:
Bibliographic Details
Main Author: Trần Thị Mỹ Hạnh
Other Authors: Nguyễn Phong Nam PGS.TS (Hướng dẫn)
Format: Book
Language:Vietnamese
Published: Đà Nẵng Đại học Đà Nẵng 2014
Subjects:
Tags: Add Tag
No Tags, Be the first to tag this record!
Institutions: Mạng thư viện Đại học Đà Nẵng
LEADER 02011nam a2200361 4500
001 000020032
003 16473
005 20150310140318.0
008 141227s2014 viesd
041 |a vie 
082 1 4 |a 895.9228108  |b TR-H 
100 1 |a Trần Thị Mỹ Hạnh 
245 1 |a Thể tài du ký trong văn xuôi trung đại Việt Nam (qua Thượng kinh ký sự, Tây hành kiến văn kỷ lược, Giá Viên biệt lục )  |c Trần Thị Mỹ Hạnh ; Nguyễn Phong Nam hướng dẫn.  |k Luận văn Thạc sĩ 
260 |a Đà Nẵng  |b Đại học Đà Nẵng  |c 2014 
300 |a 127 tr., phụ lục 7 tr.  |c 29 cm.  |e Tóm tắt 
500 |a Luận văn thạc sĩ Khoa học. Chuyên ngành: Văn học Việt Nam. Mã số: 60.22.34 
520 |a Thượng kinh kí sự, Tây hành kiến văn kỉ lược, Giá Viên biệt lục trong tiến trình vận động của thể tài du kí trung đại. “Những điều trông thấy” – nét đặc trưng của thể tài du kí trung đại qua Thượng kinh kí sự, Tây hành kiến văn kỉ lược, Giá Viên biệt lục. Một số đặc điểm nghệ thuật du kí trung đại qua Thượng kinh kí sự, Tây hành kiến văn kỉ lược, Giá Viên biệt lục 
650 0 4 |a Văn xuôi Việt Nam  |v Luận văn tốt nghiệp  |x Du ký 
653 |a Du ký 
653 |a Văn học Việt Nam 
653 |a Tạ Duy Anh 
653 |a Văn xuôi Việt Nam 
700 1 |a Nguyễn Phong Nam  |c PGS.TS  |e Hướng dẫn 
OWN |a LSP 
AVA |a UDN50  |b LSP  |d 895.9228108 TR-H  |e available  |t Error 5001 Not defined in file expand_doc_bib_avail.  |f 1  |g 0  |h N  |i 0  |k 1 
999 |a From the UDN01 
AVA |a UDN50  |b LSP  |d 895.9228108 TR-H  |e available  |t Error 5001 Not defined in file expand_doc_bib_avail.  |f 1  |g 0  |h N  |i 0  |k 1 
TYP |a Monograph 
TYP |a Printed language 
980 |a Mạng thư viện Đại học Đà Nẵng